| 000 -LEADER |
| fixed length control field |
01057nam a22002897a 4500 |
| 003 - CONTROL NUMBER IDENTIFIER |
| control field |
OSt |
| 005 - DATE AND TIME OF LATEST TRANSACTION |
| control field |
20251112075713.0 |
| 008 - FIXED-LENGTH DATA ELEMENTS--GENERAL INFORMATION |
| fixed length control field |
251112b ||||| |||| 00| 0 eng d |
| 020 ## - INTERNATIONAL STANDARD BOOK NUMBER |
| International Standard Book Number |
9781481458481 |
| 035 ## - SYSTEM CONTROL NUMBER |
| System control number |
19225516 |
| 040 ## - CATALOGING SOURCE |
| Transcribing agency |
KH8 |
| 082 00 - DEWEY DECIMAL CLASSIFICATION NUMBER |
| Classification number |
813.6 CYR |
| 100 1# - MAIN ENTRY--PERSONAL NAME |
| Personal name |
Cyrus, Kurt |
| Relator term |
author |
| 245 10 - TITLE STATEMENT |
| Title |
Shake a leg, egg! |
| Statement of responsibility, etc. |
Kurt Cyrus |
| 250 ## - EDITION STATEMENT |
| Edition statement |
First Edition |
| 264 #1 - PRODUCTION, PUBLICATION, DISTRIBUTION, MANUFACTURE, AND COPYRIGHT NOTICE |
| Place of production, publication, distribution, manufacture |
1230 Avenue of the Americas,New York ,New York 10020 |
| Name of producer, publisher, distributor, manufacturer |
Beach Lane Books |
| Date of production, publication, distribution, manufacture, or copyright notice |
2017 |
| 300 ## - PHYSICAL DESCRIPTION |
| Extent |
18 pages |
| Other physical details |
color illustrations |
| Dimensions |
22 x 27 cm |
| 520 ## - SUMMARY, ETC. |
| Summary, etc. |
"It's springtime, and the pond is bursting with new life. There are beaver pups, heron hatchlings, and lots and lots of ducklings. Everyone is out and about, swimming, flapping, chirping, and quacking--except for one family of geese" |
| Assigning source |
Provided by publisher. |
| 650 #1 - SUBJECT ADDED ENTRY--TOPICAL TERM |
| Topical term or geographic name entry element |
Stories in rhyme. |
| 650 #1 - SUBJECT ADDED ENTRY--TOPICAL TERM |
| Topical term or geographic name entry element |
Geese |
| Form subdivision |
Fiction |
| 650 #1 - SUBJECT ADDED ENTRY--TOPICAL TERM |
| Topical term or geographic name entry element |
Spring |
| Form subdivision |
Fiction |
| 650 #1 - SUBJECT ADDED ENTRY--TOPICAL TERM |
| Topical term or geographic name entry element |
Animal infancy |
| Form subdivision |
Fiction |
| 650 #1 - SUBJECT ADDED ENTRY--TOPICAL TERM |
| Topical term or geographic name entry element |
Humorous stories |
| 650 #7 - SUBJECT ADDED ENTRY--TOPICAL TERM |
| Topical term or geographic name entry element |
Juvenile Fiction |
| Source of heading or term |
Ducks, Geese |
| 655 #7 - INDEX TERM--GENRE/FORM |
| Genre/form data or focus term |
Fiction |
| 942 ## - ADDED ENTRY ELEMENTS (KOHA) |
| Source of classification or shelving scheme |
|
| Koha item type |
Books - Fiction |